(Ne)dokonalé kontrolné mechanizmy verejnej správy Slovenskej republiky

Guardado en:
Detalles Bibliográficos
Autor principal: Beličková, Kornélia, 1966-
Otros Autores: Belička, Peter
Formato: Capítulo de libro
Lenguaje:eslovaco
Etiquetas: Agregar Etiqueta
Sin Etiquetas, Sea el primero en etiquetar este registro!

MARC

LEADER 00000naa$a2200000$$$4500
001 0063473
005 20240502083152.5
041 0 |a slo 
044 |a CZ 
245 1 0 |a (Ne)dokonalé kontrolné mechanizmy verejnej správy Slovenskej republiky  |c Kornélia Beličková, Peter Belička 
100 1 |a Beličková, Kornélia, 1966- 
700 1 |a Belička, Peter